The world and the individual

Đã lưu trong:
Chi tiết về thư mục
Tác giả chính: Royce, Josiah (Tác giả)
Định dạng: Sách
Ngôn ngữ:Tiếng Anh
Được phát hành: Nueva York Dover Publications 1959
Loạt:Second Series, Nature, Man and the Moral Order
Những chủ đề:
Các nhãn: Thêm thẻ
Không có thẻ, Là người đầu tiên thẻ bản ghi này!

MARC

LEADER 00000nam a2200000 a 4500
001 UCZ4497
003 CL-VaPUC
008 951110e19590000US |||||||||||||||||eng|d
082 0 4 |a 171.2  |b ROY  |2 21 
100 0 |a Royce, Josiah  |e author  |9 348519 
245 1 4 |a The world and the individual 
300 |a 480 p 
942 |c BK 
945 |d 19951110 00:00:00  |a cmena 
260 |a Nueva York  |b Dover Publications  |c 1959 
650 0 |a Ética  |9 255099 
650 0 |a Conceptos morales   |9 310606 
650 7 |a SER  |2 CL-VaPUC  |9 320176 
650 7 |a HOMBRE  |2 CL-VaPUC  |9 262149 
650 0 |a Naturaleza humana   |9 308593 
650 0 |a Filosofía de la naturaleza  |9 265899 
583 |a last modification  |c 19951110 00:00:00  |k Rodrigo Vera 
490 0 |a Second Series, Nature, Man and the Moral Order 
999 |c 240871  |d 240869 
952 |0 0  |1 0  |4 0  |6 171_200000000000000_ROY_1959  |7 0  |8 P  |9 252930  |a BIBEDU  |b BIBEDU  |c BIBEDU_PB  |d 2019-11-19  |i 1598481  |o 171.2 ROY 1959  |p 1598481  |r 2024-01-25  |w 2019-11-19  |y BK  |k FIL